| 000 | 00468nam a22001697a 4500 | ||
|---|---|---|---|
| 003 | 0 | ||
| 005 | 20231204150320.0 | ||
| 008 | 231204b xxu||||| |||| 00| 0 eng d | ||
| 020 | _a978-0-486-26875-0 | ||
| 050 |
_aCL _bPoe75 1991 |
||
| 100 | _aPoe, Edgar Allan | ||
| 245 |
_aThe gold-bug and other tales _cEdgar Allan Poe |
||
| 260 |
_aNew York _bDover Publications, Inc. _cc1991. |
||
| 300 |
_a121 pages ; _c21 cm. |
||
| 650 | _aClassic stories. | ||
| 942 |
_2lcc _cBK |
||
| 999 |
_c365700 _d365700 |
||